| 000 | 00000nam##2200000za#4500 |
| 001 | 9.600693 |
| 003 | CaOODSP |
| 005 | 20210624205716 |
| 007 | cr ||||||||||| |
| 008 | 150406|1999||||xxc|||||o f|0| 0 fre|d |
| 040 | |aCaOODSP|bfre |
| 043 | |an-cn--- |
| 086 | 1 |aBT31-4/79-1999F-PDF |
| 110 | 1 |aCanada. |bConseil du trésor. |
| 245 | 10|aAgence canadienne d'inspection des aliments, rapport sur le rendement pour la période se terminant le 31 mars 1999 |h[ressource électronique] |
| 260 | |aOttawa - Ontario : |bSecrétariat du Conseil du Trésor du Canada |
| 300 | |a83p.|bgraphiques, organigramme, tableaux |
| 490 | 1 |aRapport sur le rendement pour la période se terminant le 31 mars 1999 |
| 590 | |a12-27-Supp|b2012-06-12 |
| 775 | 08|tCanadian Food Inspection Agency, performance report for the period ending March 31, 1999 |w(CaOODSP)9.569682 |
| 776 | 0#|tCanadian Food Inspection Agency |w(CaOODSP)9.532558 |
| 776 | 0#|tAgence canadienne d'inspection des aliments |w(CaOODSP)9.532559 |
| 830 | #0|aRapport sur le rendement pour la période se terminant le 31 mars 1999.|w(CaOODSP)9.502657 |
| 856 | 40|ahttp://publications.gc.ca|qPDF|s388 Ko|uhttps://publications.gc.ca/collections/Collection/BT31-4-79-1999F.pdf |